| 000 | 004880000a22002050004500 | ||
|---|---|---|---|
| 005 | 20120302053633.0 | ||
| 942 | _cBOOK | ||
| 100 | _a Cowell,F.R. | ||
| 245 | _a Cicero and the roman republic | ||
| 260 | _aLondon:Penguin,1948 | ||
| 300 | _axv,398p | ||
| 040 | _aENG | ||
| 365 | _bRs. | ||
| 650 | _aCicero-Roman Republic | ||
| 650 | _aTrade-Money Communication | ||
| 650 | _aRoman Politics | ||
| 650 | _aRoman Aristocracy | ||
| 650 | _aReligious | ||
| 650 | _aRoman Social Life | ||
| 999 |
_c343411 _d343408 |
||